แสดงรายละเอียดบรรณานุกรม
  กลับหน้าหลัก

Brief Record : Get Marc (ISO 2709) : E-mail record : QR code ปิดหน้าต่าง
E-books : เกี่ยวกับ Collections
LEADER 00000nam 2200000uu 4500
001    208967
003     ULIBM
008    130426s||||||||th 000 0 tha d
020    ^a9786161113681
041 0  ^atha
060  4 ^aWA110 ค695 2555
245 00 ^aคู่มือ อสม การเฝ้าระวัง ควบคุมและป้องกันโรคเชิงรุก./^bผู้เขียนและเรียบเรียง,จิรพันธุ์ วิบูลย์วงศ์,วิรุณศิริ อารยวงศ์,ณัฐวดี ศรีส่ง
260    ^aกรุงเทพฯ : ^bกองสนับสนุนสุขภาพภาคประชาชน กรมสนับสนุนบริการสุขภาพ,^c2555
300    ^a64 หน้า;^bภาพประกอบ
650  0 ^aโรค ^xการป้องกันและควบคุม.
650  0 ^aคอตีบ,โรค ^xการป้องกันและควบคุม.
650  0 ^aวัคซีน
700 0  ^aจิรพันธุ์ วิบูลย์วงศ์,เรียบเรียง
700 0  ^aวิรุณศิริ อารยวงศ์,เรียบเรียง
700 0  ^aณัฐวดี ศรีส่ง,เรียบเรียง
710 2  ^aกรมสนับสนุนบริการสุขภาพ. กองสนับสนุนสุขภาพภาคประชาชน.
999    ^aใช้งานได้ทุกระบบ
รายการนี้ยังไม่มีแท็ก
คุณยังไม่ได้ล็อกอิน คุณสามารถมีกิจกรรมร่วมกับเว็บไซต์ได้ แต่ต้องล็อกอินก่อน ::
  ล็อกอิน
ลำดับที่ ประเภท เลขเรียก สถานที่ สถานะ
1. หนังสือทั่วไป
หนังสือทั่วไป
สถานะ=หนังสือเก่า - บริการ ณ ห้องสมุด (ห้องเหลือง)
WA110 ค695 2555  
  
หนังสือทั่วไป On Shelf
  ขอยืม
Note:บริจาค
2. หนังสือทั่วไป
หนังสือทั่วไป
สถานะ=หนังสือเก่า - บริการ ณ ห้องสมุด (ห้องเหลือง)
WA110 ค695 2555 ฉ.2 
  
หนังสือทั่วไป On Shelf
  ขอยืม
Note:บริจาค
3. หนังสือทั่วไป
หนังสือทั่วไป
สถานะ=หนังสือเก่า - บริการ ณ ห้องสมุด (ห้องเหลือง)
WA110 ค695 2555 ฉ.3 
  
หนังสือทั่วไป On Shelf
  ขอยืม
Note:บริจาค
   [แสดง 3/3 รายการ]

รายการใกล้เคียง
    หัวเรื่อง [วัคซีน]

BibComment


ยังไม่เคยถูกคอมเมนท์

คอมเมนท์ทรัพยากรรายการนี้
  คอมเมนท์: คู่มือ อสม การเฝ..
Bib 208967

 
 
 

 Union Library Management : ULibM
Copyright 2026. All Rights Reserved.
скачать бесплатно без регистрации порно красивый секс HD Sex Hindi sex

xxx gou

xxxx

bfxxx

xxxwww

Секса Видео

xxxx

Секса Видео

detube

geilexxx

C99 Shell

worms shell

blod xxx video
Ebony Coed Rihanna Rimes Takes A Dick In Her Young Twat priyaa indian fuck anal and pusssy hardcore indian women xxx desi hardcore fucking part 1 bengalixxxcouple